| 000 | 00925na a2200253 4500 | ||
|---|---|---|---|
| 001 | 19195 | ||
| 003 | MIRAKIL | ||
| 005 | 20181213155142.0 | ||
| 008 | 161209b tu 000 0 | ||
| 035 | _a19195 | ||
| 040 |
_aMilas _btur _cTR-AnCHP |
||
| 041 | _atur | ||
| 082 |
_a352.0072 _bA54b 1994 |
||
| 090 | _a352.0072 A54b 1994 | ||
| 110 | _aAnkara Büyük Şehir Belediyesi Eğitim Daire Başkanlığı | ||
| 245 |
_a1994 Çalışma Programı _b1993 yılı çalışmalarının değerlendirilmesi _cAnkara Büyükşehir Belediyesi |
||
| 246 | _a1993 yılı çalışmalarının değerlendirilmesi | ||
| 260 |
_a[Ankara] _bAnkara Büyükşehir Belediyesi _c1994 |
||
| 300 |
_a41 s. _btbl. _c21 sm. |
||
| 610 |
_aAnkara Büyükşehir Belediyesi Eğitim Daire Başkanlığı _xÇalışma programları |
||
| 650 |
_aYerel yönetimler _xBelediyeler _zAnkara |
||
| 710 | _aAnkara Büyükşehir Belediyesi | ||
| 942 |
_2ddc _cBKS |
||
| 999 |
_c7539 _d7539 |
||